| 000 | 00857nam0a22002651 4500 | ||
|---|---|---|---|
| 001 | v19\rc\1686574 | ||
| 005 | 20260406174034.0 | ||
| 035 | _a(NLR Aleph) 004791330 | ||
| 090 |
_a4732363 _c4732363 |
||
| 100 | _a20061002d1898 |||y0rusy50 ca | ||
| 101 | 0 | _arus | |
| 102 | _aRU | ||
| 105 | _ay z ||||| | ||
| 200 | 1 |
_aПоложение о Московском инженерном училище Ведомства путей сообщения _e[... Утв. 23 мая 1896 г.] |
|
| 210 |
_aМосква _d1898 |
||
| 215 |
_a19 с. _d27 |
||
| 710 | 0 | 2 |
_aМосковское инженерное училище _3RU\NLR\AUTH\889941962 _9378767 |
| 801 | 0 |
_aRU _bNLR _gpsbo |
|
| 801 | 0 |
_aRU _bRuMoRGB _2psbo |
|
| 801 | 1 |
_aRU _bProSoft-M _2rusmarc |
|
| 852 |
_aNLR _j18.305.6.133 |
||
| 899 |
_aRuMoRGB _jU 25/1033 |
||
| 899 | _aБАН | ||
| 942 | _cBOOK | ||
| 980 | _aNB | ||